00473nam a2200145 a 450000100100000000500170001000800410002704000250006808200210009324501140011425000110022826000420023930000210028170000250030200001818820200929165407.0760405s1968 sp 000 0 spa d aDO-SdBNPbspacBNPHU axxxbA634n, 196800aAntología de novelas de anticipación :bciencia-ficción espanola /cselección de Ana María Perales. a2a ed. aBarcelona :bEdiciones Acervo,c1968. a418 p. ;c20 cm.1 aPerales, Ana María